Je v zdravotníctve málo peňazí?

Predseda správnej rady Zdravotnej poisťovne - VŽP MUDr. Marián Kováčik o krytí požiadaviek poskytovateľov zdravotníckych služieb zdrojmi. Najzávažnejšie návrhy ZP na koncepčné zmeny v zdravotníctve.

Gespeichert in:
Bibliographische Detailangaben
1. Verfasser: Kováčik, M.
Format: Buchkapitel
Sprache:Slowakisch
Schlagworte:
Tags: Tag hinzufügen
Keine Tags, Fügen Sie das erste Tag hinzu!

MARC

LEADER 00000naa a2200000 4500
001 r027587
005 20230824091234.3
041 0 |a slo 
044 |a SK 
245 1 0 |a Je v zdravotníctve málo peňazí?  |c M. Kováčik 
520 |a Predseda správnej rady Zdravotnej poisťovne - VŽP MUDr. Marián Kováčik o krytí požiadaviek poskytovateľov zdravotníckych služieb zdrojmi. Najzávažnejšie návrhy ZP na koncepčné zmeny v zdravotníctve. 
610 2 0 |a Slovensko 
610 2 0 |a 1997 
610 2 0 |a zdravotníctvo 
610 2 0 |a financovanie 
610 2 0 |a poisťovne zdravotné 
100 1 |a Kováčik, M.